00644cam a2200181 a 450000100100000000500170001000800410002704000250006808200180009310000410011124500410015226000520019330000210024565000290026665000310029595201210032699900150044700000906720200929161458.0810320s1964 ag 000 j spa d aDO-SdBNPbspacBNPHU aA863.4bC827f1 aCortázar, Julio,d1914-198491068810aFinal del juego /cJulio Cortázar. aBuenos Aires, Argentina :bSudamericana,c1964. a195 p. ;c19 cm. 4aCuentos argentinos93752 4aLiteratura argentina93860 001054708MOaGRbGRcHDd2009-09-25iLF1l0oA863.4 C827fp9067-10r2020-06-25w2020-06-25y4ZPréstamo en sala c8831d8831